Veinte años: una mirada. Modigliani
Uloženo v:
| Hlavní autor: | |
|---|---|
| Médium: | Kniha |
| Jazyk: | španělština |
| Vydáno: |
Viña del Mar
Galería Modigliani
2010
|
| Témata: | |
| Tagy: |
Přidat tag
Žádné tagy, Buďte první, kdo vytvoří štítek k tomuto záznamu!
|
MARC
| LEADER | 00000cam a2200000 a 4500 | ||
|---|---|---|---|
| 001 | UCG8523 | ||
| 003 | CL-VaPUC | ||
| 005 | 20240805093346.0 | ||
| 008 | 111212e20100000CL |||||||||||||||||spa|d | ||
| 999 | |c 346130 |d 346128 | ||
| 040 | |c Pontificia Universidad Católica de Valparaíso | ||
| 082 | 0 | 4 | |a 708.983 |b SAM |2 21 |
| 100 | 0 | |a Samoiedo A., Dino |e author |9 559583 | |
| 245 | 1 | 0 | |a Veinte años: una mirada. Modigliani |
| 260 | |a Viña del Mar |b Galería Modigliani |c 2010 | ||
| 300 | |a 245 p | ||
| 583 | |a last modification |c 20111212 13:13:00 |k Rodrigo Vera | ||
| 650 | 7 | |a GALERIAS DE ARTE |2 CL-VaPUC |9 559584 | |
| 650 | 0 | |a Museos |9 269209 | |
| 650 | 0 | |a Pinturas |9 347968 | |
| 650 | 0 | |a Obras de arte |9 337253 | |
| 650 | 0 | |a Biografías |9 255210 | |
| 650 | 0 | |a Crítica e interpretación |9 255042 | |
| 650 | 0 | |a Artistas chilenos |9 344566 | |
| 942 | |c BK |2 ddc | ||
| 945 | |d 20111212 00:00:00 |a dcastane | ||
| 952 | |0 0 |1 0 |4 0 |6 708_983000000000000_SAM_2010 |7 0 |8 A |9 446632 |a BIBART |b BIBART |d 2019-11-22 |i 4812530 |o 708.983 SAM 2010 |p 4812530 |r 2025-03-13 |w 2019-11-22 |y BK |k ART | ||
| 952 | |0 0 |1 0 |4 0 |6 708_983000000000000_SAM_2010 |7 0 |8 A |9 446633 |a BIBART |b BIBART |d 2019-11-22 |i 4807405 |o 708.983 SAM 2010 |p 4807405 |r 2025-03-13 |w 2019-11-22 |y BK |k ART | ||
| 952 | |0 0 |1 0 |4 0 |6 708_983000000000000_SAM_2010 |7 0 |8 A |9 446634 |a BIBART |b BIBART |d 2019-11-22 |i 4807413 |l 1 |o 708.983 SAM 2010 |p 4807413 |r 2025-03-13 |s 2022-05-25 |w 2019-11-22 |y BK |k ART | ||